000
00310nam a2200121Ia 4500
003
GCL
008
140319s9999 xx 000 0 ara d
040
_a
GCL /
_c
GCL
082
0
4
_a
813.01
_b
ع ن
245
1
0
_a
النمل الاسود : قصص قصيرة
300
_a
120 ص
490
_a
الكتاب الماسى
_v
0
999
_c
39834
_d
39834